[Event "Khanty-Mansiysk FIDE GP (Women)"]
[Site "Khanty-Mansiysk"]
[Date "2014.04.14"]
[Round "5"]
[White "Batchimeg, Tuvshintugs"]
[Black "Dzagnidze, Nana"]
[Result "0-1"]
[WhiteElo "2340"]
[BlackElo "2550"]
[Annotator "ChessBase Website"]
[PlyCount "196"]
[EventDate "2014.04.09"]
[EventType "tourn"]
[EventRounds "11"]
[EventCountry "RUS"]
[EventCategory "10"]
[SourceTitle "CBM 160"]
[Source "ChessBase"]
[SourceDate "2014.05.15"]
[SourceVersion "1"]
[SourceVersionDate "2014.05.15"]
[SourceQuality "1"]
[TimeControl "40/5400+30:1800+30"]
[WhiteClock "1:30:00"]
[BlackClock "1:30:00"]

1. d4 {[%emt 0:00:00]} Nf6 {[%emt 0:00:00] A marathon game, which finished at
the 98th move! Tuvshintugs found herself down a pawn but with some
compensation, making the game very murky. Black's awkward bishop and unsafe
king made conversion very difficult. At some point Dzagnidze could have
finished the game off after Tuvshintugs blundered, but she didn't see the
winning combination in time pressure. Eventually they reached a drawn queen
endgame, and in a bizarre decision Tuvshintugs played a random move instead of
forcing a perpetual check. Dzanigdze took her small advantage and outplayed
the Mongolian from then on, winning the game.} 2. c4 {[%emt 0:00:00]} e6 {
[%emt 0:00:00]} 3. Nf3 {[%emt 0:00:00]} b6 {[%emt 0:00:15]} 4. a3 {[%emt 0:00:
20]} Ba6 {[%emt 0:00:11]} 5. Qb3 {[%emt 0:00:57]} Nc6 {[%emt 0:01:27]} (5... c5
6. d5 b5 7. cxb5 Bb7 8. dxe6 fxe6 9. g3 d5 10. Bh3 Qb6 11. O-O Nbd7 12. a4 c4
13. Qc2 Rc8 14. a5 Qd6 15. Bf4 Qe7 16. b6 axb6 17. axb6 Nxb6 18. Nc3 h6 19.
Qg6+ Kd8 20. Ne5 Rg8 21. Nf7+ Kd7 22. Ra7 Rc7 23. Nb5 Nc8 24. Nxc7 Nxa7 25.
Bxe6+ {1-0 (25) Kovalenko,I (2643)-Bocharov,D (2602) Khanty-Mansiysk 2013}) 6.
Qc2 {[%emt 0:08:51]} d6 $146 {[%emt 0:14:26]} (6... b5 7. cxb5 Bxb5 8. Nc3 Ba6
9. e4 Bxf1 10. Kxf1 Be7 11. d5 Na5 12. dxe6 fxe6 13. e5 Nd5 14. Nxd5 exd5 15.
h4 Qb8 16. Bg5 Qb5+ 17. Kg1 Qc4 18. Qf5 g6 19. Qh3 Nb3 20. Re1 Bxg5 21. Nxg5
Nd4 22. Qg4 h5 23. Qd1 Rb8 {1/2-1/2 (23) Vitiugov,N (2720)-Iordachescu,V (2626)
Aix-les-Bains 2011}) 7. e4 {[%emt 0:19:49]} Nd7 {[%emt 0:10:06]} 8. d5 {
[%emt 0:07:18]} Nce5 {[%emt 0:01:11]} 9. Nbd2 {[%emt 0:10:37]} Bb7 {[%emt 0:27:
07]} 10. Nxe5 {[%emt 0:05:44]} dxe5 {[%emt 0:00:24]} 11. Be2 {[%emt 0:01:02]}
Bd6 {[%emt 0:02:02]} 12. O-O {[%emt 0:04:37]} Qe7 {[%emt 0:12:33]} 13. Nf3 {
[%emt 0:05:45]} O-O {[%emt 0:00:24]} 14. b4 {[%emt 0:04:13]} a5 {[%emt 0:02:28]
} 15. Bg5 {[%emt 0:02:29]} f6 {[%emt 0:00:46]} 16. dxe6 {[%emt 0:18:02]} fxg5 {
[%emt 0:00:16]} 17. exd7 {[%emt 0:00:19]} axb4 {[%emt 0:00:04]} 18. axb4 {
[%emt 0:00:17]} Bxb4 {[%emt 0:00:39]} 19. Rxa8 {[%emt 0:01:46]} Bxa8 {[%emt 0:
00:55]} 20. Rd1 {[%emt 0:01:35]} Bd6 {[%emt 0:01:00]} 21. h3 {[%emt 0:02:25]}
Bc6 {[%emt 0:03:16]} 22. c5 {[%emt 0:00:33]} bxc5 {[%emt 0:00:07]} 23. Bb5 {
[%emt 0:02:07]} Bxb5 {[%emt 0:02:46]} 24. Qb3+ {[%emt 0:00:01]} Qf7 {[%emt 0:
11:27]} 25. Qxb5 {[%emt 0:00:09]} h6 {[%emt 0:00:16]} 26. Rd5 {[%emt 0:00:49]}
Kh7 {[%emt 0:02:45]} 27. Qd3 {[%emt 0:01:39]} Qxd7 {[%emt 0:04:00]} 28. Nxe5 {
[%emt 0:00:24]} Qa4 {[%emt 0:00:09]} 29. Nc4 {[%emt 0:01:28]} Qa1+ {[%emt 0:00:
05]} 30. Qd1 {[%emt 0:00:03]} Qa2 {[%emt 0:00:19]} 31. Nd2 {[%emt 0:01:25]} c4
{[%emt 0:01:45]} 32. Qc1 {[%emt 0:00:37]} Rb8 {[%emt 0:00:27]} 33. g3 {[%emt 0:
00:28]} Rb2 {[%emt 0:00:32]} 34. e5 {[%emt 0:00:16]} c3 {[%emt 0:02:13]} 35.
Qxc3 {[%emt 0:00:22]} Qxd5 {[%emt 0:00:09]} 36. Qxb2 {[%emt 0:00:16]} Bxe5 {
[%emt 0:00:03]} 37. Qc2+ {[%emt 0:00:04]} Kh8 {[%emt 0:00:07]} 38. Ne4 {
[%emt 0:01:25]} Bd4 {[%emt 0:00:14]} 39. Nd2 {[%emt 0:00:39]} Qf7 {[%emt 0:01:
52]} 40. Ne4 {[%emt 0:00:00]} c5 {[%emt 0:00:00]} 41. Nd6 {[%emt 0:07:28]} Qe6
{[%emt 0:07:31]} 42. Nf5 {[%emt 0:02:04]} Qe5 {[%emt 0:01:46]} 43. Kf1 {
[%emt 0:02:38]} Qd5 {[%emt 0:00:47]} 44. Ne7 {[%emt 0:01:27]} Qf7 {[%emt 0:04:
48]} 45. Nf5 {[%emt 0:00:52]} Qd5 {[%emt 0:02:58]} 46. Ne7 {[%emt 0:00:36]} Qe6
{[%emt 0:00:05]} 47. Nf5 {[%emt 0:00:59]} Qe5 {[%emt 0:00:02]} 48. Qd3 {
[%emt 0:00:38]} Qe6 {[%emt 0:06:15]} 49. Nxd4 {[%emt 0:03:52]} Qd5 {[%emt 0:03:
02]} 50. Ke2 {[%emt 0:01:43]} cxd4 {[%emt 0:00:02]} 51. Qa6 {[%emt 0:03:38]}
Qe4+ {[%emt 0:00:12]} 52. Kd2 {[%emt 0:00:21]} Qf5 {[%emt 0:00:27]} 53. Ke2 {
[%emt 0:01:26]} Qc2+ {[%emt 0:00:14]} 54. Kf3 {[%emt 0:02:41]} Kh7 {[%emt 0:00:
28]} 55. Qe6 {[%emt 0:02:13]} Qd3+ {[%emt 0:00:22]} 56. Kg2 {[%emt 0:00:07]}
Qg6 {[%emt 0:01:11]} 57. Qd5 {[%emt 0:00:30]} Qf6 {[%emt 0:04:33]} 58. Qe4+ {
[%emt 0:00:08]} Kg8 {[%emt 0:00:05]} 59. Qe8+ {[%emt 0:00:06]} Kh7 {[%emt 0:00:
45]} 60. Qe4+ {[%emt 0:00:05]} g6 {[%emt 0:00:01]} 61. f4 {[%emt 0:05:00]} gxf4
{[%emt 0:00:16]} 62. gxf4 {[%emt 0:00:06]} h5 {[%emt 0:00:57]} 63. Kf3 {
[%emt 0:00:53]} Qd6 {[%emt 0:01:07]} 64. Ke2 {[%emt 0:01:24]} Qd7 {[%emt 0:00:
53]} 65. Kd3 {[%emt 0:00:47]} Qxh3+ {[%emt 0:00:21]} 66. Kxd4 {[%emt 0:00:02]}
Qa3 {[%emt 0:02:32]} 67. Qb7+ {[%emt 0:00:09]} Kh6 {[%emt 0:00:04]} 68. Qf7 {
[%emt 0:00:16]} h4 {[%emt 0:00:25]} 69. Qg8 {[%emt 0:00:55]} Qd6+ {[%emt 0:00:
57]} 70. Ke4 {[%emt 0:00:27]} Kh5 {[%emt 0:00:10]} 71. Qh8+ {[%emt 0:00:40]}
Kg4 {[%emt 0:00:02]} 72. Qc8+ {[%emt 0:00:05]} Kg3 {[%emt 0:00:07]} 73. Qc3+ {
[%emt 0:00:09]} Kh2 {[%emt 0:00:09]} 74. Qc2+ {[%emt 0:00:30]} Kg1 {[%emt 0:00:
07]} 75. Qc1+ {[%emt 0:00:09]} Kg2 {[%emt 0:00:05]} 76. Qc2+ {[%emt 0:00:09]}
Kf1 {[%emt 0:01:06]} 77. Qc1+ {[%emt 0:00:13]} Ke2 {[%emt 0:01:11]} 78. Qe3+ {
[%emt 0:00:10]} Kd1 {[%emt 0:00:01]} 79. Qg1+ {[%emt 0:00:27]} Kc2 {[%emt 0:00:
11]} 80. Qh2+ {[%emt 0:00:25]} Kc3 {[%emt 0:00:06]} 81. Qxh4 {[%emt 0:00:23]}
Qd3+ {[%emt 0:00:20]} 82. Ke5 {[%emt 0:00:07]} Qf5+ {[%emt 0:00:01]} 83. Kd6 {
[%emt 0:00:10]} Kd4 {[%emt 0:00:24]} 84. Ke7 {[%emt 0:03:53]} Ke4 {[%emt 0:00:
53]} 85. Qh6 {[%emt 0:00:13]} Kf3 {[%emt 0:00:13]} 86. Ke8 {[%emt 0:00:56]} Qf6
{[%emt 0:00:17]} 87. Kd7 {[%emt 0:00:47]} Qf7+ {[%emt 0:02:49]} 88. Kd8 {
[%emt 0:00:38]} Qf6+ {[%emt 0:00:26]} 89. Kd7 {[%emt 0:00:05]} Kg4 {[%emt 0:00:
17]} 90. Ke8 {[%emt 0:00:31]} Kf5 {[%emt 0:00:08]} 91. Kd7 {[%emt 0:01:08]}
Qd4+ {[%emt 0:00:19]} 92. Kc6 {[%emt 0:01:01]} Qxf4 {[%emt 0:00:46]} 93. Qh3+ {
[%emt 0:00:09]} Ke5 {[%emt 0:01:38]} 94. Qc3+ {[%emt 0:00:13]} Ke6 {[%emt 0:00:
07]} 95. Qb3+ {[%emt 0:00:16]} Kf6 {[%emt 0:00:21]} 96. Qb2+ {[%emt 0:00:17]}
Qe5 {[%emt 0:00:26]} 97. Qf2+ {[%emt 0:00:06]} Kg7 {[%emt 0:00:09]} 98. Qh4 {
[%emt 0:02:07]} Qf6+ {[%emt 0:00:14]} 0-1

[Event "World Team-ch01"]
[Site "Luzern"]
[Date "1985.11.24"]
[Round "8.5"]
[White "Chernin, Alexander"]
[Black "Chandler, Murray G"]
[Result "1/2-1/2"]
[WhiteElo "2495"]
[BlackElo "2585"]
[Annotator "ChessBase/Chernin,A"]
[PlyCount "57"]
[EventDate "1985.11.16"]
[EventType "team-tourn"]
[EventRounds "9"]
[EventCountry "SUI"]
[SourceTitle "MCD"]
[Source "ChessBase"]
[SourceDate "1999.07.01"]
[SourceVersion "1"]
[SourceVersionDate "1999.07.01"]
[SourceQuality "1"]
[WhiteTeam "Soviet Union"]
[BlackTeam "England"]
[WhiteTeamCountry "URS"]
[BlackTeamCountry "ENG"]

1. d4 Nf6 2. c4 e6 3. Nf3 b6 4. a3 Bb7 5. Nc3 d5 6. cxd5 exd5 7. Bf4 Bd6 8. Bg3
O-O 9. e3 Ne4 10. Qb3 Nxc3 11. Qxc3 c5 12. Be2 Bxg3 13. hxg3 Nd7 14. O-O (14.
dxc5 $5 bxc5 15. b4 Qe7 16. bxc5 Qxc5 17. Qxc5 Nxc5 18. Nd4 $14) 14... Qe7 15.
a4 Nf6 {N} (15... a5 $6 {- 39/642}) 16. Qa3 Ne4 17. Rac1 Rac8 18. Rc2 (18. Bd3
Rfe8) 18... Rc7 19. Bd3 $1 (19. Rfc1 c4) 19... Re8 (19... c4 20. Qxe7 Rxe7 21.
Bxe4 Rxe4 22. b3 $1 cxb3 23. Rc7 $16) 20. Rfc1 g6 21. a5 Nf6 (21... c4 22. Qxe7
Rcxe7 23. Bxe4 Rxe4 24. axb6 axb6 25. b3 b5 26. Ne5 {(/\ Re1, f3)} f6 27. Nd7
R4e6 28. Nc5 $16) 22. dxc5 bxc5 (22... Rxc5 $5) 23. a6 $1 Ba8 24. Nd4 Ng4 (
24... Kf8 $142) 25. Be2 Ne5 26. Nb5 Rc6 27. Nd4 Rc7 28. Nb5 (28. Nb3 $1 c4 (
28... Nd7 29. Bb5 Bc6 30. Nd4 $18) 29. Qxe7 Rcxe7 30. Nd4 Rb8 31. b3 $1 cxb3
32. Rc8+ Re8 33. Rxe8+ Rxe8 34. Nxb3 $16) 28... Rc6 29. Nd4 $2 $138 (29. f4 $5
Nc4 $8 30. Bxc4 dxc4 31. Rxc4 Qd7 $5 $14) 1/2-1/2

[Event "Los Angeles m"]
[Site "Los Angeles"]
[Date "1984.06.??"]
[Round "6"]
[White "Christiansen, Larry Mark"]
[Black "Reshevsky, Samuel Herman"]
[Result "1-0"]
[WhiteElo "2550"]
[BlackElo "2460"]
[Annotator "Christiansen,L"]
[PlyCount "77"]
[EventDate "1984.06.??"]
[EventType "match"]
[EventRounds "8"]
[EventCountry "USA"]
[SourceTitle "EXT 2010"]
[Source "ChessBase"]
[SourceDate "2010.11.25"]
[SourceVersion "1"]
[SourceVersionDate "2010.11.25"]
[SourceQuality "1"]

1. d4 Nf6 2. c4 e6 3. Nf3 b6 4. a3 Bb7 5. Nc3 d5 6. cxd5 Nxd5 7. e3 g6 8. Bb5+
c6 9. Bc4 Bg7 10. e4 Nxc3 11. bxc3 O-O 12. Bg5 Qd6 13. O-O c5 14. Qd3 cxd4 15.
cxd4 Nc6 16. Rad1 h6 17. Bh4 e5 $1 18. d5 Na5 19. Nd2 Rac8 20. Ba6 Bxa6 21.
Qxa6 Rc7 22. Rc1 Qd7 23. Rxc7 Qxc7 24. Bg3 $6 (24. Qd3 $14) 24... f5 25. exf5
gxf5 26. Qd3 Qd7 27. d6 Rd8 $4 (27... Qe6 28. Rd1 Rd8 29. Nf1 Nb7 30. Qa6 Rxd6
31. Rxd6 Nxd6 32. Qxa7 $11) 28. Bxe5 Bxe5 29. Qd5+ Qf7 30. Qxe5 Nc6 31. Qf4 Qd5
$6 $138 32. Qxh6 Rxd6 33. Qg5+ Kh7 34. Nf3 Rg6 35. Qh5+ Rh6 36. Qe8 Rg6 37. h4
Kg7 38. Ng5 Qd7 $4 39. Qxd7+ 1-0

[Event "Amsterdam m"]
[Site "Amsterdam"]
[Date "1995.09.30"]
[Round "7"]
[White "Piket, Jeroen"]
[Black "Timman, Jan H"]
[Result "1/2-1/2"]
[WhiteElo "2625"]
[BlackElo "2595"]
[Annotator "Dautov,R"]
[PlyCount "87"]
[EventDate "1995.09.??"]
[EventType "match"]
[EventRounds "10"]
[EventCountry "NED"]
[SourceTitle "CBM 050"]
[Source "ChessBase"]
[SourceDate "1996.02.01"]
[SourceVersion "1"]
[SourceVersionDate "1996.02.01"]
[SourceQuality "1"]

1. d4 Nf6 2. c4 e6 3. Nf3 b6 4. a3 Ba6 5. Qc2 Bb7 6. Nc3 c5 7. e4 cxd4 8. Nxd4
Nc6 9. Nxc6 Bxc6 10. Bf4 Bc5 11. Be2 (11. O-O-O Nh5 $1 12. Bd6 Bxd6 13. Rxd6
O-O 14. g3 f5 15. Bg2 f4 16. Rhd1 Qg5 17. Qd2 Qe5 $10 {Greenfeld,A-Kindermann,
S/Pardubice 1994}) 11... O-O 12. O-O-O (12. Rd1 a5 13. O-O (13. Bg3)) 12... Rc8
{N} (12... e5 $2 13. Bxe5 Ng4 14. Bxg4 Qg5+ 15. Kb1 Qxg4 16. Nd5 Bxd5 17. cxd5
Rac8 18. f3 Qg6 19. Bc3 $16 {Krasenkov,M-Hellsten,J/Malmo (04) ;CBM 48 1995}) (
12... Bxf2 $6 13. Bd6 Re8 14. e5 (14. Rhf1 $2 Bc5 15. Bxc5 bxc5 16. e5 Ng4 17.
Bxg4 Qg5+ $17) 14... Bxg2 15. Rhg1 Bxg1 16. Rxg1 Bb7 17. Qd3 Rc8 18. Qg3 g6 19.
Qf4 $40) 13. Kb1 Ne8 {/\Bxf2} 14. f3 (14. Bg3 $5 $14 {/\} f6 15. b4 Be7 16. Bg4
$1 (16. b5 Bb7 17. Qd3 d6 18. Bg4 Qd7 $13) 16... Nc7 17. b5 Ba8 18. Qd3 Bxa3
19. Qxd7 Qxd7 20. Rxd7 Rf7 21. Rhd1 $16) 14... f6 {/\e5,Nc7-e6-d4} 15. Qd2 e5
16. Be3 Nc7 17. Nb5 $1 (17. Nd5 $6 Ne6 18. Bxc5 $6 bxc5 $15 {[%csl Rd4]}) 17...
Bxe3 18. Qxe3 Bxb5 (18... Nxb5 $2 19. cxb5 Bb7 20. Rd6 Qe7 21. Rhd1 $14) 19.
cxb5 Ne6 $10 20. Rc1 Nd4 (20... Qe7 21. Bc4 $10) 21. Rxc8 Qxc8 22. Rc1 {
[%cal Rc1c8] <->c} Qb8 23. Qc3 (23. Bc4+ Kh8 24. a4 Rc8 (24... Qd6 25. Bd5 f5
26. Qa3 Qxa3 27. bxa3 fxe4 28. Bxe4 Ne6 $10) 25. Bd5 Rxc1+ 26. Qxc1 f5 $10)
23... Nxe2 24. Qc4+ d5 25. Qxe2 Qd8 (25... d4 26. Qc4+ Kh8 27. Qc7 Qe8 28. Rc6
Rf7 29. Qc8 Rf8 30. Qxe8 Rxe8 31. Rc7 Ra8 32. a4 $14) (25... dxe4 26. Qxe4 Rd8
27. Qc4+ Kh8 28. Qc7 $14) 26. a4 (26. exd5 Qxd5 27. Rc7 Rf7 28. Rc8+ Rf8 29.
Rc7 $10) 26... g6 27. exd5 (27. Qd3 dxe4 28. Qxe4 Rf7 $10) 27... Qxd5 28. Qc4
Qxc4 29. Rxc4 Rf7 30. Rc6 Kg7 31. Kc2 Rd7 $1 32. b4 Kf7 33. a5 f5 $1 34. axb6
axb6 35. Rxb6 e4 36. fxe4 fxe4 37. Ra6 e3 38. Ra1 (38. b6 e2 39. Ra1 Rd4 $1 $10
) (38. Ra3 Rd2+ 39. Kc1 Rxg2 40. Rxe3 Rxh2 41. b6 Rh5 42. Rh3 Rb5 $10) 38...
Rd2+ 39. Kc3 Ke6 40. b6 (40. Re1 Rxg2 41. Rxe3+ Kd6 $10) 40... Kd7 41. Ra7+ Kc8
$1 (41... Kc6 $2 42. Rxh7 Kxb6 (42... Rxg2 $4 43. b7 $18) 43. g3 Ra2 44. Re7
Rxh2 45. Rxe3 $16) 42. Rxh7 Rxg2 43. Re7 (43. Kd3 e2 44. Kd2 g5 $10) 43... Rxh2
44. Rxe3 1/2-1/2

[Event "Ostrava"]
[Site "Ostrava"]
[Date "1994.??.??"]
[Round "7"]
[White "Novikov, Igor A"]
[Black "Kortschnoj, Viktor Lvovich"]
[Result "1/2-1/2"]
[WhiteElo "2565"]
[BlackElo "2615"]
[Annotator "Dautov,R"]
[PlyCount "62"]
[EventDate "1994.06.??"]
[EventType "tourn"]
[EventRounds "11"]
[EventCountry "CZE"]
[EventCategory "11"]
[SourceTitle "CBM 042"]
[Source "ChessBase"]
[SourceDate "1994.10.01"]
[SourceVersion "1"]
[SourceVersionDate "1994.10.01"]
[SourceQuality "1"]

1. d4 Nf6 2. c4 e6 3. Nf3 b6 4. a3 Bb7 5. Nc3 d5 6. cxd5 Nxd5 7. Qc2 Nxc3 8.
bxc3 Be7 9. e4 O-O 10. Bd3 c5 11. O-O Ba6 $6 (11... Qc8 12. Qe2 cxd4 (12... Ba6
) 13. cxd4 Ba6) 12. Bxa6 Nxa6 13. Rd1 (13. Qe2 $5 Qc8 (13... Nc7 $6 14. Rd1 $16
{פc7}) 14. d5 exd5 15. exd5 Bf6 16. Bg5 $1 Bxg5 (16... Bxc3 17. Rac1 Re8 18.
Qd3 Ba5 19. d6 Nb8 20. Be7 h6 21. Ne5 Qe6 22. f4 $44) (16... Re8 17. Qc2 $14)
17. Nxg5 Qf5 18. Nf3 Nc7 19. c4 $14) 13... cxd4 14. cxd4 Qc8 15. Qe2 Re8 16.
Bb2 (16. Bf4 Qb7 17. Rd3 Rac8 18. Ne5 Bd6 (18... f6 19. Ng4 h5 $2 20. Nh6+ $1
gxh6 21. Rg3+ Kh8 22. Qxh5 Bf8 23. e5 $1 f5 24. Bg5 Bg7 25. Bf6 $18) 19. Rg3 f6
20. Nd3 e5 21. Bh6 Re7 22. d5 $14) (16. h4 $5 Qb7 17. h5 h6 18. Ne5 $14) 16...
Qb7 17. Rd3 Rac8 18. Rad1 (18. h4 $5 b5 19. h5 h6 20. Ne5 Bd6 21. Rb3 b4 22.
Nd3 $14) 18... b5 19. Ne5 Bd6 (19... f6 $5 20. Ng4 b4 21. axb4 Nxb4 22. Rg3 Rc2
$6 23. Nh6+ Kh8 (23... Kf8 $2 24. Qh5 Bd6 (24... g6 $2 25. Rxg6 $1 hxg6 26.
Qxg6 Bd8 27. Qg8+ Ke7 28. Qf7+ $18) 25. Ba3 {/\e5} g6 26. Qh4 $16) 24. Qg4 (24.
Qh5 Rf8 25. Qg4 Bd8 26. Ba3 a5 $17) 24... Bf8 25. Ba3 a5 26. Qh5 Rec8 27. Nf7+
Kg8 28. Nh6+ $10) 20. d5 (20. Rg3 $2 f6 $17) (20. Rh3 Bxe5 21. dxe5 Nc5 22. Rh4
Na4 23. Ba1 Nc3 24. Bxc3 Rxc3 $15) 20... Bxe5 (20... exd5 21. Rxd5 Bxe5 22.
Bxe5 $14) (20... Nc5 21. Re3 Na4 22. Ba1 Bxe5 23. Bxe5 exd5 24. exd5 $14) 21.
Bxe5 f6 22. dxe6 (22. Ba1 $5 Nc5 23. Re3 $14) 22... Nc5 $1 (22... fxe5 $4 23.
Rd7 Qb6 24. Qg4 g6 25. Qh4 h5 26. Qf6 $18) 23. Rd7 Qxe4 $1 (23... Nxd7 24. exd7
Rxe5 (24... fxe5 25. dxe8=Q+ Rxe8 26. Rd5 a6 27. g3 $16) 25. Qa2+ Kf8 26. d8=Q+
Rxd8 27. Rxd8+ Ke7 28. Qg8 $18) 24. Qxe4 Nxe4 25. Bd4 a6 $5 (25... Rxe6 $10)
26. e7 Kf7 27. h4 Rc6 28. f3 Ng3 29. Bf2 Nf5 30. g4 Nxe7 31. Re1 a5 (31... a5
32. Rb7 b4 33. axb4 axb4 34. Rxb4 Nd5 35. Rb7+ Rc7 $10) 1/2-1/2

[Event "WchT 3rd"]
[Site "Luzern"]
[Date "1993.??.??"]
[Round "4.4"]
[White "Anastasian, Ashot"]
[Black "Stefansson, Hannes"]
[Result "1-0"]
[WhiteElo "2530"]
[BlackElo "2500"]
[Annotator "Dautov,R"]
[PlyCount "105"]
[EventDate "1993.10.24"]
[EventType "team-tourn"]
[EventRounds "9"]
[EventCountry "SUI"]
[SourceTitle "CBM 038"]
[Source "ChessBase"]
[SourceDate "1994.02.01"]
[SourceVersion "1"]
[SourceVersionDate "1994.02.01"]
[SourceQuality "1"]
[WhiteTeam "Armenia"]
[BlackTeam "Iceland"]
[WhiteTeamCountry "ARM"]
[BlackTeamCountry "ISL"]

1. d4 Nf6 2. c4 e6 3. Nf3 b6 4. Nc3 Bb7 5. a3 d5 6. cxd5 Nxd5 7. Qc2 Be7 8. Bd2
O-O 9. e4 Nxc3 10. Bxc3 Nd7 11. O-O-O $5 Qc8 (11... c5 $1 12. d5 (12. dxc5 Qc8
13. cxb6 axb6 $44) 12... exd5 13. exd5 Bf6 $13) 12. h4 Rd8 13. Rh3 {N} (13. d5
$1 Nf8 (13... exd5 14. exd5 Nf6 15. Ng5 g6 16. h5 $40) 14. Rh3 $1 exd5 15. Rg3
g6 16. h5 dxe4 17. Bc4 $16 {-> Lputian-Hjartarson/Biel izt/1993}) 13... Ba6 (
13... Nf6 $5 14. Bd3 c5 15. e5 Nd5 16. Bxh7+ Kf8 $44) 14. Bxa6 Qxa6 15. Rg3 Qc4
16. Kb1 (16. d5 $5 Bf8 (16... Nf6 $2 17. Rxg7+ $1) (16... Bf6 17. e5 Be7 (17...
Bxh4 18. Rh3 $16) 18. d6 cxd6 19. Rxg7+ $1 Kxg7 20. exd6+ Bf6 21. Bxf6+ Nxf6
22. Qxc4 Rac8 23. Qxc8 Rxc8+ 24. Kb1 $16) 17. dxe6 Qxe6 18. Ng5 Qa2 19. Rgd3
$16) 16... Bf8 (16... Nf6 $5 17. Ng5 h6 (17... g6 $2 18. Rf3 $1 h6 19. Nxf7
Kxf7 20. e5 $16) 18. e5 hxg5 19. exf6 (19. hxg5 Nh5 20. Rh3 g6 21. Rdh1 Rxd4
22. Bxd4 Qxd4 23. Qxc7 Bxg5 $15) 19... Bxf6 20. hxg5 Bxd4 21. Rg4 (21. Rh3 $5)
21... c5 22. Bxd4 Qxc2+ 23. Kxc2 cxd4 24. Rgxd4 Rac8+ 25. Kb3 Rxd4 26. Rxd4 Rc7
$10) 17. h5 f6 $2 (17... h6 $5 {/\} 18. d5 Nc5) 18. e5 $1 f5 (18... fxe5 19. h6
$1 $16 g6 $2 20. Rxg6+ hxg6 21. Qxg6+ Kh8 22. Ng5 $18) 19. Ng5 Qd5 (19... c6 $2
20. d5 $1 cxd5 21. Nxe6 $18) 20. Re3 (20. Nh3 $2 Nxe5) 20... Be7 21. Nh3 Nf8
22. g4 $1 $16 fxg4 (22... g6 $2 23. Nf4 Qc6 24. hxg6 hxg6 25. gxf5 gxf5 26. d5
$18) 23. Nf4 Qd7 24. Rg3 Bg5 25. Ne2 $1 Qf7 26. Rxg4 Qxh5 27. Qe4 Bh6 28. Rh1
$6 (28. Ng3 $1 {>=} Qf7 29. f4 (29. Rh1 Ng6 30. f4 Rf8 $1 $13) 29... g6 30. f5
exf5 31. Nxf5 Bg7 32. Nxg7 Qxg7 33. d5 $18 {->}) 28... Qf5 29. Qxf5 exf5 30.
Rgg1 Ng6 31. Ng3 Rf8 32. Rh5 Nf4 $1 (32... Ne7 $2 33. Bb4 f4 $1 34. Ne4 $1 (34.
Bxe7 fxg3 35. Bxf8 gxf2 36. Rf1 Rxf8 $132) 34... Kf7 35. e6+ $1 Ke8 36. d5 a5
37. Bxe7 Kxe7 38. Rxh6 $1 gxh6 39. Rg7+ Ke8 40. d6 $18) 33. Rxh6 $5 (33. Rxf5
Nd5 $13) 33... gxh6 34. Nh5+ (34. Nxf5+ Kh8 $13 {/\Ne2}) 34... Ng6 35. e6 (35.
d5 Rad8 36. Nf4 Kf7 $13) 35... f4 $2 (35... Rad8 $2 36. e7 $18) (35... c6 $1
36. Nf4 Rfd8 37. d5 $1 cxd5 38. Nxg6 hxg6 39. Rxg6+ Kh7 (39... Kf8 $4 40. Bb4+
Ke8 41. Rg8#) 40. Rg7+ Kh8 41. Rxa7+ Kg8 42. Rg7+ Kh8 $14) 36. d5 Rae8 37. Nf6+
Rxf6 38. Bxf6 Kf8 (38... h5 39. Rc1 Rf8 (39... Ne7 40. Bxe7 Rxe7 41. Rxc7 $1
Rxc7 42. d6 $18) 40. e7 Re8 41. Rxc7 Kf7 42. d6 Kxf6 43. d7 $18) 39. Rh1 (39.
Rc1 Ne7) 39... Ne7 40. Rh5 $1 Rd8 41. Rxh6 Rxd5 42. Rxh7 $18 Ng8 43. Bc3 Rd6
44. Rxc7 Rxe6 45. Rxa7 Nf6 46. Bxf6 Rxf6 47. Kc2 Ke8 48. Ra4 Kf7 49. Kd3 Kg6
50. Ke4 Kg5 51. Kf3 Rf5 52. Rb4 b5 53. Rd4 1-0

[Event "Alushta"]
[Site "Alushta"]
[Date "1993.??.??"]
[Round "?"]
[White "Savchenko, Stanislav"]
[Black "Dragomarezkij, Evgeni"]
[Result "1-0"]
[WhiteElo "2535"]
[BlackElo "2465"]
[Annotator "Dautov,R"]
[PlyCount "85"]
[EventDate "1993.??.??"]
[EventType "tourn"]
[EventRounds "9"]
[EventCountry "UKR"]
[EventCategory "10"]
[SourceTitle "CBM 036"]
[Source "ChessBase"]
[SourceDate "1993.10.01"]
[SourceVersion "1"]
[SourceVersionDate "1993.10.01"]
[SourceQuality "1"]

1. d4 Nf6 2. c4 e6 3. Nf3 b6 4. a3 Bb7 5. Nc3 d5 6. Qc2 Be7 (6... dxc4 $1 7. e4
c5 $10) 7. cxd5 exd5 8. g3 (8. Bg5) 8... O-O 9. Bg2 c5 10. O-O Na6 11. Bf4 Qc8
$1 (11... Nc7 12. Rfd1 Ne6 13. Be5 Rc8 14. dxc5 bxc5 15. Rab1 $1 $14) 12. Rad1
(12. Rfd1 Rd8 13. Rac1 Nc7 14. Qb1 (14. Be5 Ne6 15. Bh3 Qc6 16. Bxe6 $5 fxe6
17. Ng5 g6 $13) 14... Ne6 15. Bh3 Ne4 16. Qa2 Nxc3 17. bxc3 Qc6 18. Be3 Bf6 19.
Bg2 (19. a4 $142 $1 {/\Bg2,Ne5}) 19... Qa4 $10 {Golod-Dragomarezkij/Minsk/1993}
) 12... Rd8 13. Be5 Ne4 14. dxc5 Nxc3 15. Qxc3 {N} (15. Bxc3 bxc5 16. e3 Qe6
17. Rfe1 Rac8 18. Qa4 Qc6 19. Qg4 Qg6 $10 {Remis/Kengis-Yudasin/Lvov/1984})
15... bxc5 16. Qb3 Bc6 (16... Nc7 17. Rc1 Ne6 18. Rfd1 (18. Nd4 $5) 18... f6
$13) 17. Bf4 Bf6 18. Qc2 (18. Ne5 c4 (18... Rb8 19. Qa2 Bxe5 20. Bxe5 $16) (
18... Bxe5 19. Bxe5 Qe6 (19... c4 20. Qc3 f6 21. Bd4 $14) 20. Bf4 Rac8 21. Rfe1
$13) 19. Qc2 Bb7 $132 {/\g5,/\Nc5} (19... Nc5 $2 20. Nxc6 Qxc6 21. Rxd5 Rxd5
22. Qxc4 Rad8 23. b4 $16)) 18... h6 19. Rc1 Bb7 (19... Qe6 20. b4 $5 c4 21.
Rfd1 $14) 20. Rfd1 Qe6 $10 21. h4 Rac8 22. Kh2 Rc6 23. Bh3 (23. e4 $2 dxe4 24.
Rxd8+ Bxd8 25. Ne5 Rd6 26. Bxe4 $2 Bxe4 27. Qxe4 f6 $19) 23... Qe7 24. h5 Nc7
25. Bg2 $6 (25. Bf5 $1 Ne6 26. e4 (26. Ne5 Rb6 {/\Nf4}) (26. Be5 Bxe5 27. Nxe5
Rb6 $10) 26... Nxf4 27. gxf4 dxe4 (27... d4 $2 28. e5 Bh4 29. Kh3 $16) 28.
Rxd8+ Qxd8 29. Bxe4 Rb6 (29... Qc7 30. Kg3 Rb6 31. Bxb7 Qxb7 32. Qxc5 $10 {
/\Qc8}) 30. Bxb7 Rxb7 31. Qxc5 Rxb2 32. Qc8 $10) 25... Ne6 26. Bd2 $2 (26. Be5
Rcc8 $5 27. Bxf6 Qxf6 28. Kg1 $10) 26... Nd4 $1 27. Nxd4 cxd4 28. Qb3 (28. Qd3
Ba6 $17) 28... Rb6 29. Qf3 Rxb2 $17 30. Rb1 Rxb1 31. Rxb1 Ba6 32. Ba5 Rc8 $6 (
32... Re8 33. Qxd5 Qxe2 34. Re1 Qb5 $17) 33. Qf5 Qe6 (33... Qxa3 $6 34. Bxd5
$13 {/\Be4}) (33... Re8 $6 34. Bxd5 Qxe2 35. Re1 Qb5 36. Rxe8+ Qxe8 37. Be4
$132) 34. Bh3 Re8 35. Qf4 Qxe2 $4 (35... Qe5 36. Qxe5 Bxe5 37. Bd7 Rb8 38.
Rxb8+ Bxb8 39. Bg4 d3 $17) 36. Re1 Qb5 (36... Qxe1 37. Bxe1 Rxe1 38. Qb8+ Kh7
39. Qxa7 (39. Bf5+ g6 40. hxg6+ fxg6 41. Qxa7+ Bg7 42. Bxg6+ Kxg6 43. Qxa6+ $16
) 39... Bd3 40. Qxf7 $16) 37. Bf1 $1 $18 d3 (37... Qxf1 38. Rxe8+ Kh7 39. Qf5+)
38. Bxd3 Qxd3 39. Rxe8+ Kh7 40. Qb8 g6 41. Qxa7 Kg7 42. hxg6 Kxg6 43. Rf8 1-0